Reporting v multikulturálnom koncerne diplomová práca

Uložené v:
Podrobná bibliografia
Hlavný autor: Budincová, Petra
Korporativný autor: Fakulta podnikového manažmentu EU. Katedra podnikových financií
Ďalší autori: Moravčíková, Elena, 1967-
Médium: Kniha
Jazyk:Slovak
Vydavateľské údaje: Bratislava 2012
Tagy: Pridať tag
Žiadne tagy, Buďte prvý, kto otaguje tento záznam!

MARC

LEADER 00000nbm a2200000 4500
001 0152443
005 20161109102037.6
041 0 |a slo 
044 |a SK 
245 1 0 |a Reporting v multikulturálnom koncerne  |b diplomová práca  |c Petra Budincová ; školiteľ: Elena Moravčíková 
264 1 |a Bratislava  |c 2012 
300 |a 98 s. 
100 1 |a Budincová, Petra 
700 1 |a Moravčíková, Elena, 1967- 
710 2 |a Fakulta podnikového manažmentu EU. Katedra podnikových financií